| 000 | 01734nam a2200253Ia 4500 | ||
|---|---|---|---|
| 003 | Ost | ||
| 005 | 20260507075357.0 | ||
| 008 | 260507s9999||||xx |||||||||||||| ||und|| | ||
| 020 | _a82764389779 | ||
| 040 | _cfsecg | ||
| 041 | _aara | ||
| 082 | _a330 | ||
| 100 |
_aبدوي، محمد عباس _eمؤلف |
||
| 245 | 0 |
_aالمحاسبة في مجال التنمية المستدامة بين النظرية والتطبيق / _c محمد عباس بدوي |
|
| 260 |
_aالإسكندرية: _bالمكتب الجامعي الحديث, _c2013 |
||
| 300 |
_a399 صفحة؛ _bإيضاحات ؛ _c24 سم |
||
| 504 | _aالمراجع ص.381 | ||
| 520 | _aالمحاسبة عن التنمية المستدامة من منظور المحاسبة المالية- الإطار المفاهيمي للتنمية المستدامة- اعتبارات القياس في مجال المحاسبة عن التنمية المستدامة- اعتبارات الإفصاح في مجال المحاسبة عن التنمية المستدامة- المحاسبة عن التنمية المستدامة من منظور محاسبة التكاليف- قياس التكاليف البيئية- تخصيص التكاليف البيئية بإستخدام أسلوب التكاليف على أساس النشاط- النموذج المتكامل لعملية قياس وتخصيص التكاليف البيئية على المنتجات- حالات تطبيقية للمحاسبة عن التنمية المستدامة | ||
| 653 | _aاقتصاديات التنمية | ||
| 653 | _aالتنمية الإقتصادية | ||
| 653 | _aالمحاسبة | ||
| 700 |
_aالبلتاجي، يسرى محمد _eمؤلف ثانوي |
||
| 942 | _cكتاب | ||
| 999 |
_c44236 _d44236 |
||